| 000 | 00428cam a2200169ua 4500 | ||
|---|---|---|---|
| 001 | 6294 | ||
| 008 | 131128n ii |||gr||||Z||||||eng | ||
| 040 | _cMAIN | ||
| 082 | _a651 | ||
| 245 | 1 | 1 |
_aCompany secretarial practice _cBy S.A. Sherlekar |
| 260 |
_aAllahabad: _bKitab mahal, _c1985. |
||
| 300 | _ax,503p. | ||
| 653 | _aCommerce | ||
| 653 | _aCompany secretarial practice | ||
| 700 | 1 |
_aSherlekar,S.A., _eAuthor. |
|
| 942 | _cBK | ||
| 999 |
_c5446 _d5446 |
||